[Event "Landsturneringen 2016"]
[Site "Tromsø, Troms NOR"]
[Date "2016.07.09"]
[Round "1"]
[White "Eggerud, Frank"]
[Black "Furnes, Torstein"]
[Result "1/2-1/2"]
[WhiteElo "1542"]
[BlackElo "1644"]
[Annotator "Furnes, Torstein"]
[PlyCount "119"]
[EventDate "2016.07.09"]

1. e4 c5 2. c3 Nc6 3. Nf3 d5 4. exd5 Qxd5 5. Be2 Nf6 6. O-O Bf5 7. d4 e6 8. Be3
cxd4 9. Nxd4 Nxd4 10. Qxd4 Qxd4 11. Bxd4 Be4 12. Nd2 Bc6 13. Bf3 Bxf3 14. Nxf3
Bd6 15. Rad1 Ke7 16. Rfe1 a6 17. Bxf6+ gxf6 18. Nd4 Be5 19. Nf3 Bc7 20. Nd4
Rhd8 21. Nf5+ Kf8 22. Ne3 Kg7 23. g3 Kg6 24. Kg2 f5 25. f4 Rxd1 26. Rxd1 Rd8
27. Rxd8 Bxd8 28. Kf3 f6 29. g4 fxg4+ 30. Kxg4 Bb6 31. f5+ $2 {Taper bonde.}
exf5+ 32. Nxf5 h5+ 33. Kf4 Bc7+ 34. Ke4 Bxh2 35. Nh4+ Kf7 36. Kf5 Bg3 37. Nf3
h4 38. Ng1 Be1 39. Nh3 b5 40. Nf4 Bd2 41. Nh3 a5 (41... Bg5 {er nå en
interessant ide. Løperen beskytter begge bøndene, og den svarte kongen kan
bevege seg mot dronningfløyen. Hvit kan ikke bytte av løperen og deretter slå
g5-bonden, for da går h-bonden rett inn til dronning.}) 42. Kg4 Be1 43. Kf5 a4
44. Nf4 a3 45. bxa3 Bxc3 46. Kg4 Be1 $6 ({Fritz vil spille} 46... Be5 47. Nd3
Ke6 48. Kxh4 Kd5) 47. Nd5 Ba5 ({Hvit truet med å vinne b-bonden med Sc7 (eller
Sc3 dersom jeg spiller Lg3). Jeg vurderte det slik at det er viktigere å
beholde b-bonden enn h-bonden. Som kjent kan det i noen sluttspill bli
problemer med å få forvandlet et randbonde til dronning når løperen ikke
kontrollerer forvandlingsfeltet. Men førstevalget til Fritz er} 47... f5+ 48.
Kh3 ({Etter} 48. Kxf5 $4 h3 {kan ikke h-bonden stoppes.}) 48... Ba5 49. Kxh4
Ke6) 48. Kxh4 Ke6 49. Ne3 f5 50. Kg3 Ke5 51. Kf3 Bd2 52. Nd1 Kd4 53. Ke2 Bc1
54. Nf2 Bxa3 {Dermed er vi over i et 7-brikkers sluttspill, og Lomonosov
Tablebase kan da gi fasiten. Det viser seg at det er små marginer i denne
stillingen. Med hvit i trekket er stillingen på brettet remis. Men dersom det
hadde vært svart sin tur, så kunne jeg spilt Ld6 (eneste vinsttrekk !) med
matt i 34 trekk !} 55. Nd3 Kc3 56. Nf4 Kb2 $6 {Stillingen er fortsatt
teoretisk remis etter dette trekket. Svart hadde ingen andre trekk som ville
vunnet. Dermed blir det kanskje litt feil å si at dette er en tabbe. Men jeg
ville muligens hatt bedre praktiske sjanser etter Ld6. Løperen står dårlig på
a3. Fritz-evalueringen (som ikke har tilgang til 7-brikkers tablebase) sier at
svarts fordel synker endel etter Kb2.} 57. Nd5 {Hvit hadde kun to remistrekk.
Teksttrekket Sd5 var det ene og Se6 var det andre.} b4 $6 {Igjen ville alle
svarts trekk ført til remis, så b4?! er ingen direkte tabbe. Men nå kan hvit
forsere fram poengdeling. Mest praktiske sjanser ville jeg hatt etter Ld6.} (
57... Kxa2 $4 58. Nc3+ Kb3 59. Nxb5 $11) 58. Kf3 (58. Nxb4 Bxb4 59. Kf3 Bd6 60.
a4 {er en annen vei til remis.}) 58... Kxa2 59. Nxb4+ Bxb4 60. Kf4 1/2-1/2

[Event "Landsturneringen 2016"]
[Site "Tromsø, Troms NOR"]
[Date "2016.07.10"]
[Round "2"]
[White "Furnes, Torstein"]
[Black "Fuglesang, Michael W"]
[Result "0-1"]
[WhiteElo "1644"]
[BlackElo "1500"]
[Annotator "Furnes, Torstein"]
[PlyCount "84"]
[EventDate "2016.07.09"]

1. d4 d5 2. c4 e6 3. Nc3 Nf6 4. Bg5 Be7 5. e3 h6 6. Bf4 O-O 7. Nf3 Nbd7 8. h3
Bb4 {Med dette trekket er vi ute av Chessbase sine databaser.} 9. a3 Bxc3+ 10.
bxc3 dxc4 11. Bxc4 b6 12. Qc2 Bb7 13. Bd3 Re8 14. e4 Nf8 15. O-O Qe7 16. Rfe1
c5 17. d5 Ng6 18. Bd2 e5 19. Bb5 Reb8 20. c4 Bc8 21. Bc3 Ne8 22. Qb2 f6 23.
Rad1 Nd6 24. Qe2 $6 Nxb5 25. cxb5 a6 26. a4 axb5 27. axb5 Bd7 28. Rb1 Qe8 29.
Rb3 Ra4 30. Reb1 $2 $19 {En avgjørende feil. Svart får nå farlig angrep.} Nf4
31. Qe3 Qg6 32. Nh4 Qg5 33. g3 Nxh3+ 34. Kf1 Qxe3 35. fxe3 Ng5 36. Nf5 Nxe4 37.
Ne7+ Kf7 38. Nc6 Rba8 39. Kg2 Ra2+ 40. Kf3 Bf5 {Svart kunne her satt matt både
i ett trekk og med en 2-trekks-matt.} (40... Ng5#) (40... Rf2+ 41. Kxe4 Bf5#)
41. R1b2 Rxb2 42. Rxb2 Nxc3 0-1

[Event "Landsturneringen 2016"]
[Site "Tromsø, Troms NOR"]
[Date "2016.07.11"]
[Round "3"]
[White "Valle, Knut"]
[Black "Furnes, Torstein"]
[Result "0-1"]
[WhiteElo "1564"]
[BlackElo "1644"]
[Annotator "Furnes, Torstein"]
[PlyCount "86"]
[EventDate "2016.07.09"]

{Dette er tredje gangen vi møtes i en Landsturnering. De to tidligere partiene
var fra Røros 2002 (jeg tapte) og Trondheim 2014 (remis).} 1. d4 d5 2. e4 {
Blackmar-Diemer gambit.} dxe4 3. Nc3 Nf6 4. f3 exf3 5. Nxf3 Bg4 6. Bc4 e6 7.
O-O Be7 8. Be3 O-O 9. Qe1 Nc6 10. Rd1 Nb4 11. Bb3 c6 12. Qg3 Bf5 13. Ne5 Bxc2 (
{Fritz vil heller slå bonden med springeren og angir følgende variant:} 13...
Nxc2 14. Bh6 Nh5 15. Qf2 gxh6 16. Bxc2 Ng7 $17) 14. Bxc2 Nxc2 15. Bh6 Ne8 16.
Rf4 Ne3 ({Fritz anbefaler} 16... f5 17. a3 Bf6 18. Qf2 Nxa3 19. bxa3 gxh6 $17)
17. Qxe3 gxh6 18. Ne4 f5 19. Qg3+ Kh8 20. Rd3 Bg5 (20... Ng7 $19 {gir vinnende
fordel for svart. Det truer både fxe4 og Sh5.}) (20... fxe4 $4 {går ikke pga}
21. Rxf8+ Bxf8 22. Nf7#) 21. Rf1 Qe7 22. Nc5 Rd8 23. Re1 Rxd4 $2 (23... Bh4 $19
{vinner kvalitet.}) 24. Rxd4 Qxc5 25. Nf3 $2 $19 {Hvit ville ifølge Fritz hatt
fordel etter både Df2, Dc3 og Dd3.} Bf6 26. Qf2 Bxd4 27. Qxd4+ Qxd4+ 28. Nxd4
Nc7 29. Kf2 (29. Nxe6 $4 Re8 {taper offiser.}) 29... Re8 30. Kf3 Kg7 31. g4 Kf6
32. gxf5 exf5 33. Rxe8 Nxe8 34. Kf4 Ng7 35. Nb3 Ne6+ 36. Ke3 Ke5 37. Na5 f4+
38. Kf3 Nd4+ 39. Kf2 b5 40. b4 Ke4 41. Nb7 Kd3 42. Nc5+ Kc4 43. a3 a5 0-1

[Event "Landsturneringen 2016"]
[Site "Tromsø, Troms NOR"]
[Date "2016.07.11"]
[Round "4"]
[White "Furnes, Torstein"]
[Black "Fossheim, Øyvind"]
[Result "1/2-1/2"]
[WhiteElo "1644"]
[BlackElo "1571"]
[Annotator "Furnes, Torstein"]
[PlyCount "104"]
[EventDate "2016.07.09"]

1. d4 Nf6 2. c4 e6 3. Nc3 c5 4. d5 exd5 5. cxd5 d6 6. e4 a6 7. a4 g6 8. Bd3 Bg7
9. Nf3 Bg4 10. h3 Bxf3 11. Qxf3 O-O 12. O-O Qc7 13. Bg5 Nbd7 14. Qf4 {Dette
dronningtrekket er ikke tidligere spilt i Chessbase sine databaser.} c4 15. Bc2
b6 16. Bh6 Rab8 17. Bxg7 Kxg7 18. Qe3 b5 19. axb5 axb5 20. Ra7 Qc5 21. Qxc5
Nxc5 22. f3 b4 23. Na4 Ra8 $6 $16 {En unøyaktighet som koster svart en bonde.}
24. Rxa8 Rxa8 25. Nb6 Ra6 26. Nxc4 b3 27. Bd1 Kf8 28. Kf2 Ke7 29. Ke3 Ra4 30.
Kd4 Nfd7 31. Kc3 Ra1 32. Be2 Ra8 33. Rc1 f5 $18 {Fritz liker ikke dette
trekket så godt, og mener hvits fordel øker til +2.5.} 34. exf5 gxf5 35. Bd3 $2
({Etter} 35. Re1 {har hvit mange trusler mot svarts bønder.}) 35... Nxd3 36.
Kxd3 Ne5+ 37. Nxe5 dxe5 38. Rc7+ $2 (38. Rc6 {er sterkere.}) 38... Kd6 39. Rxh7
Rc8 40. Rb7 Rc2 41. Rxb3 (41. g4) 41... Rxg2 {Resten av partiet holder
Fritz-evalueringen seg rundt 0.00, dvs remis.} 42. Kc4 Rc2+ 43. Kb5 Kxd5 44.
Rd3+ Ke6 45. b4 Rh2 46. Kc6 Rxh3 47. b5 e4 48. Rd6+ Ke5 49. Rd5+ Ke6 50. fxe4 (
50. b6 exf3 51. b7 Rh8 {er også remis ifølge Lomonosov Tablebase.}) 50... fxe4
{Dermed er vi over i 6-brikkers sluttspill, og Nalimov sluttspilldatabase kan
bekrefte at vi er innenfor remisgrensen resten av partiet.} 51. Rd1 Rc3+ 52.
Kb7 e3 1/2-1/2

[Event "Landsturneringen 2016"]
[Site "Tromsø, Troms NOR"]
[Date "2016.07.12"]
[Round "5"]
[White "Hoem, Audun"]
[Black "Furnes, Torstein"]
[Result "1-0"]
[WhiteElo "1522"]
[BlackElo "1644"]
[Annotator "Furnes, Torstein"]
[PlyCount "85"]
[EventDate "2016.07.09"]

1. d4 d5 2. c4 e6 3. Nf3 Nf6 4. g3 Be7 5. Bg2 O-O 6. O-O c5 7. cxd5 Nxd5 8. Nc3
Nxc3 9. bxc3 Nc6 10. a4 cxd4 11. cxd4 Nb4 12. a5 b6 $4 13. axb6 Qxb6 14. Ne5
Rb8 15. Bf4 Rd8 ({Da jeg spilte 12.-b6?? overså jeg at} 15... Bd6 $4 {
selvfølgelig blir møtt med} 16. Nc4 $18) ({Svarts beste mulighet er} 15... Qb5
16. Nc4 Ba6 17. Bxb8 Rxb8 18. Ne5 Qxe2) 16. Nc4 Qb5 17. Bxb8 Qxb8 18. Na5 Qb6
19. Nb3 Bf6 20. e3 Ba6 21. Re1 Nd3 $4 22. Rxa6 $1 Qxa6 23. Bf1 Nxf2 24. Bxa6
Nxd1 25. Rxd1 Rb8 26. Rc1 g6 27. Rc8+ Rxc8 28. Bxc8 Kf8 29. Kf2 Ke7 30. Kf3 Kd6
31. Nc5 a5 32. Bd7 Kd5 33. Be8 e5 34. Bxf7+ Kc6 35. Ne4 Bg7 36. d5+ Kd7 37. d6
a4 38. Nc5+ Kxd6 39. Nxa4 Ke7 40. Bd5 h5 41. Ke4 Kf6 42. Nb6 Kg5 43. h3 1-0

[Event "Landsturneringen 2016"]
[Site "Tromsø, Troms NOR"]
[Date "2016.07.13"]
[Round "6"]
[White "Furnes, Torstein"]
[Black "Milvang, Otto"]
[Result "1-0"]
[WhiteElo "1644"]
[BlackElo "1559"]
[Annotator "Furnes, Torstein"]
[PlyCount "93"]
[EventDate "2016.07.09"]

1. d4 f5 2. c4 Nf6 3. Nc3 e6 4. Bg5 c6 5. e3 d5 6. Nf3 Bd6 7. c5 Bc7 8. Bd3 O-O
9. O-O Nbd7 10. b4 a6 11. a4 Qe8 12. Bf4 e5 13. dxe5 Nxe5 14. Bc2 Ne4 $6 $16 {
En unøyaktighet som tillater en kombinasjon.} 15. Bxe5 ({Hvit vinner bonde med
} 15. Nxd5 $1 Nxf3+ (15... cxd5 16. Bxe5 Bxe5 17. Qxd5+ Qf7 18. Qxf7+ Kxf7 19.
Nxe5+) 16. gxf3 Bxf4 (16... cxd5 17. Bxc7) 17. Nxf4 $16) 15... Bxe5 16. Nxd5 $1
{Springerofferet på d5 fungerer nå også, men variantene blir endel annerledes.
Offeret er førstevalget til Fritz.} Bxa1 (16... cxd5 17. Qxd5+ Kh8 18. Nxe5)
17. Nc7 Qe7 18. Nxa8 Bc3 19. Qb1 Be6 20. Nb6 Bf7 21. Rd1 Rd8 22. Nd4 g6 23. h3
$2 Qh4 ({Svart kunne vunnet bonde med} 23... Nd2 24. Qc1 Bxb4 25. Rxd2 Qxc5 26.
Rd3 Qxb6) 24. Bxe4 fxe4 25. b5 Qh5 26. bxc6 bxc6 27. Rc1 $2 $11 (27. Ne2 Bf6
28. Rxd8+ Bxd8 29. Qc2 $16) 27... Bxd4 28. exd4 Rxd4 29. Qb2 Qe5 30. Qe2 a5 31.
Qa6 e3 32. Qe2 exf2+ 33. Qxf2 Qg5 $2 $18 {Dette trekket taper løperen.} 34.
Qxd4 $2 $11 ({Men hvit overser vinsttrekket} 34. Rf1 $18 Qd8 35. Qxf7+ Kh8)
34... Qxc1+ 35. Kh2 Qe1 36. Nd7 Qf1 37. Nf6+ Kg7 {Dronning og springer kan i
samarbeid ofte være et effektivt angrepsvåpen mot en utsatt konge. Men hvit
har ikke noen umiddelbare mattvarianter.} 38. Nd7+ ({Førstevalget til Fritz er
} 38. Nh5+ Kh6 (38... Kf8 $2 39. Qd6+ Kg8 (39... Ke8 40. Ng7#) 40. Qd8+ Be8 41.
Qxe8+) 39. Qd2+ g5 (39... Kxh5 40. g4+ Kh4 41. Qh6#) 40. Qd6+ Bg6 (40... Kxh5
41. g4+ Kh4 42. Qg3#) 41. Ng3 Qf4 42. Qxc6) 38... Kg8 39. Nf6+ Kg7 40. Nd5+ Kg8
$2 $18 {Dette er tapstrekket. Hvit vinner nå c-bonden.} ({Etter} 40... Kf8 {
vurderer Fritz stillingen til å være ganske lik (+0.4).}) 41. Ne7+ Kf8 42. Nxc6
Qe1 43. Ne5 Qb4 44. Qf2 Qb7 45. c6 Qc7 46. Qxf7+ Qxf7 47. Nxf7 1-0

[Event "Landsturneringen 2016"]
[Site "Tromsø, Troms NOR"]
[Date "2016.07.14"]
[Round "7"]
[White "Furnes, Torstein"]
[Black "Klausen, Truls Skauge"]
[Result "1/2-1/2"]
[WhiteElo "1644"]
[BlackElo "1539"]
[Annotator "Furnes, Torstein"]
[PlyCount "108"]
[EventDate "2016.07.09"]

1. d4 f5 2. c4 Nf6 3. Nc3 e6 4. Bg5 c6 5. e3 d5 6. Nf3 Bd6 7. c5 Bc7 8. Bd3 O-O
9. O-O {Så langt har dette partiet vært helt identisk med mitt parti i forrige
runde mot Milvang. Men der fortsatte partiet med 9.-Sbd7.} Qe8 10. b4 Ne4 11.
Bxe4 fxe4 12. Ne5 Nd7 13. Nxd7 Bxd7 14. Bh4 Qg6 15. Ne2 Qh6 16. Bg3 Bxg3 17.
Nxg3 Rf7 18. a4 g6 19. Qe2 Qg7 20. f4 exf3 21. Rxf3 Rxf3 22. Qxf3 Rf8 23. Qe2
e5 24. Qb2 exd4 25. Qxd4 Qxd4 26. exd4 Rf4 27. Ne2 $4 {Taper bonde helt
unødvendig.} ({Hvit bør spille} 27. Re1 Rxd4 (27... Kf7 28. Rf1) 28. Re7 Bg4
29. Rxb7 Rd1+ 30. Kf2 Rd2+ 31. Ke3 Rxg2 32. b5 $16) 27... Re4 28. Kf2 Bg4 29.
Re1 Bxe2 30. Rxe2 Rxd4 31. Rb2 Rc4 32. Ke3 Kf7 33. Kd3 Ke6 34. Re2+ Kd7 35. Rb2
Kc7 36. Rf2 Rxb4 37. Rf7+ Kc8 38. Rxh7 Rxa4 39. Rh8+ Kd7 40. Rh7+ Ke6 41. Rxb7
Rc4 42. Rxa7 Rxc5 43. Ra4 Rc1 44. h4 Rg1 45. Rg4 Kf6 46. Kd4 Rc1 47. Kd3 c5 $6
{Ifølge Fritz var dette en liten unøyaktighet som gjorde at svartfordelen falt
fra -1.9 til -0.8.} 48. Rg5 Rd1+ 49. Kc2 Rd4 50. g3 c4 51. Kc3 Rd3+ 52. Kc2 d4
53. Rg4 Rc3+ 54. Kd2 Rd3+ {Svart foreslår remis og jeg tar imot. Hvit må
antagelig gi fra seg g6-bonden dersom han skal komme videre med fribøndene.} ({
Fritz foreslår følgende fortsettelse} 54... Rd3+ 55. Kc2 Ke5 56. Rxg6 Ra3 57.
Rg5+ Ke4 58. Kb2 Ra8 59. Kc2 c3 60. Rg7 Ra2+ 61. Kb3 Rb2+ 62. Ka3 Rb8 {og
svart vinner.}) 1/2-1/2

[Event "Landsturneringen 2016"]
[Site "Tromsø, Troms NOR"]
[Date "2016.07.15"]
[Round "8"]
[White "Fagerjord, Erlend"]
[Black "Furnes, Torstein"]
[Result "1-0"]
[WhiteElo "1534"]
[BlackElo "1644"]
[Annotator "Furnes, Torstein"]
[PlyCount "73"]
[EventDate "2016.07.09"]

1. d4 d5 2. e3 Nf6 3. b3 Bf5 4. Ba3 Nbd7 5. f4 e6 6. Bxf8 Nxf8 7. Nf3 Ne4 8.
Bd3 Nd7 9. O-O h5 10. c4 h4 11. Qc2 h3 12. g3 Ndf6 13. Nc3 Qe7 14. c5 c6 15.
Rae1 O-O-O 16. Nd2 Nxd2 17. Qxd2 $11 {Stillingen er omtrent i balanse (-0.1)
ifølge Fritz. Men svart gjør nå en serie med svake trekk som gradvis øker
hvits fordel.} Bg4 $6 18. a4 Nd7 $6 19. b4 g5 $6 20. b5 cxb5 $2 (20... Nb8) 21.
Nxb5 gxf4 $2 22. exf4 ({Hvit hadde her muligheten til å avslutte partiet med
et kraftfullt angrep:} 22. Nxa7+ Kb8 (22... Kc7 23. Qa5+ Kb8 24. Nc6+ $1 Kc8 (
24... bxc6 25. Rb1+ Nb6 26. Qxb6+ Kc8 27. Qxc6+ Qc7 28. Ba6#) 25. Nxe7+ Kb8 26.
Rb1 Rde8 27. Nc6+ Kc8 28. Qa8+ Kc7 29. Qxb7#) 23. Nc6+ $1 bxc6 (23... Kc8 24.
Nxe7+) 24. Rb1+ Nb6 (24... Kc8 25. Ba6+ Kc7 26. Rb7+ Kc8 27. Ra7+ Kb8 28. Qb4+
Nb6 29. Qxb6+ Qb7 30. Qxb7#) 25. Rxb6+ Kc7 26. Qa5 Ra8 27. Rb7+ Kxb7 28. Rb1+
Kc8 29. Qxa8+ Kd7 30. Rb7#) 22... a6 23. Nd6+ Kb8 24. Bxa6 ({Hvit vinner
raskest med} 24. Rb1 Nxc5 25. dxc5 Rd7 26. Bxa6) 24... Nxc5 25. dxc5 Rxd6 26.
cxd6 Qxd6 27. Be2 Bf5 28. Bf3 Qa3 29. Qd4 Rc8 30. Ra1 Qb3 31. Bh1 Rc3 32. Rf2
Rxg3+ 33. hxg3 Qxg3+ 34. Kf1 h2 35. Qh8+ Ka7 36. Qxh2 Qd3+ 37. Kg1 1-0

[Event "Landsturneringen 2016"]
[Site "Tromsø, Troms NOR"]
[Date "2016.07.16"]
[Round "9"]
[White "Furnes, Torstein"]
[Black "Engeset, Bjarte"]
[Result "1-0"]
[WhiteElo "1644"]
[BlackElo "1600"]
[Annotator "Furnes, Torstein"]
[PlyCount "47"]
[EventDate "2016.07.09"]

1. d4 Nf6 2. c4 e5 {Budapest Gambit.} 3. dxe5 Ng4 4. Nf3 (4. Bf4) 4... Bc5 5.
e3 Nc6 6. Be2 (6. Qd5 Qe7) 6... O-O 7. Qd5 {Dette dronningtrekket er ikke
tidligere spilt i ChessBase sin online-database. Der er 7.0-0 og 7.Sc3 de
vanligste trekkene, spilt henholdsvis 799 og 473 ganger.} Qe7 8. O-O Re8 9. Nc3
Ngxe5 10. b3 a5 11. Bb2 Nxf3+ 12. Qxf3 Ne5 13. Qg3 d6 ({Svart burde kanskje
spilt} 13... c6 {for å hindre at den hvite springeren får det gode feltet d5.})
14. Nd5 Qd8 15. f4 Ng6 16. f5 c6 ({Teksttrekket 16.-c6 var førstevalget til
Fritz. Men omtrent likeverdig var} 16... Bxf5 17. Rxf5 c6 18. Raf1 cxd5 19.
Rxf7 Re7 20. Qf3 Bxe3+ 21. Kh1 (21. Qxe3 $2 {gir bare remis} Rxe3 22. Rxg7+ Kh8
23. Rff7 Rxe2 24. Rxh7+ Kg8 25. Rhg7+ Kh8 26. Rh7+ {hvit må ta
trekkgjentagelse.}) 21... d4 22. Qd5 Kh8 23. Bxd4 Bxd4 24. Qxd4 $16) ({Derimot
mener Fritz at} 16... Ne5 $2 {ville være dårlig etter} 17. f6 g6 (17... Ng6 18.
fxg7 c6 19. Qf3 f5 20. Nf6+ Qxf6 21. Bxf6 Rxe3 22. Qh5 Rh3+ 23. Kh1 Rxh5 24.
Bxh5 $18) 18. Qh4 Re6 19. Kh1 $1 $18 {med hvit fordel på ca. +3.}) 17. fxg6
hxg6 $2 $18 {Tapstrekket består i at svart slår tilbake med feil bonde. Nå
øker hvitfordelen fra +1 til +13.} ({Etter} 17... fxg6 {har ikke hvit noe
avgjørende. F.eks.} 18. Bf3 cxd5 19. Bxd5+ Be6 20. Qf3 $16) 18. Rxf7 $3 Kxf7 ({
Det hjelper ikke å ta bonden på e3 med mellomsjakk.} 18... Bxe3+ 19. Nxe3 Kxf7
20. Rf1+ Ke7 21. Qxg6 Kd7 22. Rf7+ Re7 23. Nf5 $18) 19. Rf1+ Kg8 (19... Bf5 {
blir møtt med et nytt offer:} 20. Rxf5+ $1 gxf5 (20... Ke6 21. Qxg6+ $18) (
20... Kg8 21. Qxg6 $18 {med ugarderlig mattangrep.}) 21. Qxg7+ Ke6 22. Nf4#) (
19... Ke6 20. Qh3#) 20. Qxg6 Bxe3+ (20... Re5 {blir også matt etter} 21. Rf7
Bxe3+ 22. Nxe3 Qf8 23. Rxf8+ Kxf8 24. Qxd6+ Re7 25. Bxg7+ {osv}) (20... Qd7 $4
21. Nf6+) 21. Nxe3 {Svart kan ikke hindre matt i få trekk.} Qe7 (21... Re5 22.
Bd3 Qh4 23. Qf7+ Kh8 24. Qf8#) (21... Qd7 22. Bd3) 22. Bd3 $1 Qxe3+ 23. Kh1 Qh6
24. Qxe8# 1-0

[Event "Landsturneringen 2015"]
[Site "Oslo NOR"]
[Date "2015.07.04"]
[Round "1"]
[White "Furnes, Torstein"]
[Black "Sætre, Roger"]
[Result "0-1"]
[WhiteElo "1663"]
[BlackElo "1822"]
[Annotator "Furnes, Torstein"]
[PlyCount "148"]
[EventDate "2015.07.04"]

1. d4 Nf6 2. c4 e5 3. dxe5 Ng4 4. Nf3 Bb4+ 5. Bd2 Qe7 6. e3 Nc6 7. Be2 Ncxe5
$146 8. O-O O-O 9. Bxb4 Qxb4 10. Qc2 d6 11. Ng5 Nf6 12. Nd2 $6 $15 h6 13. Ngf3
Bg4 14. a3 Qb6 15. b4 Rad8 16. Rfe1 Rfe8 17. Nxe5 dxe5 18. c5 Qe6 19. Bc4 $2
$19 {Overser at dette gir svart mulighet til en kombinasjon:} Rxd2 $1 20. Qxd2
Qxc4 21. Rac1 Qd5 22. Qxd5 Nxd5 23. f3 Be6 24. e4 Nf4 25. Rcd1 Bc8 26. Kf2 f6
27. Rd2 Ne6 28. Ke3 Kf7 29. g3 g5 30. Rg1 h5 31. h4 g4 32. fxg4 hxg4 33. Rf1
Nd4 34. Rdf2 Nf3 35. Rd1 Be6 36. Rb2 Ke7 37. a4 Rd8 $6 $17 {Ifølge Fritz en
unøyaktighet som gjør at svarts fordel minker litt.} 38. Rxd8 Kxd8 39. b5 Bf7
40. Rb1 Nd4 41. Kd3 $6 ({Fritz vil spille} 41. b6 cxb6 42. cxb6 a6) 41... Nb3
42. c6 Nc5+ 43. Ke3 b6 44. Ra1 Bg6 45. a5 Nxe4 46. axb6 axb6 47. Ra8+ Ke7 48.
Rg8 Bf5 49. Rg7+ Kd6 50. h5 Nc3 51. h6 Nd5+ 52. Kd2 Kc5 53. h7 Bxh7 54. Rxh7
Kxb5 55. Rg7 Kxc6 56. Rxg4 b5 57. Rg6 b4 58. g4 Kb5 $6 {Fritz mener at dette
er en feil som gjør at svartfordelen minker fra -4 til -1.4. Hvit får nå
byttet av g-bonden mot svarts e- og f-bonde. Fritz vil heller spille e4 eller
Kc5.} (58... e4 59. g5 e3+ 60. Kd1 e2+ 61. Kd2 b3 62. gxf6 e1=Q+ 63. Kxe1 b2
64. f7+ Kb5 65. f8=Q b1=Q+ 66. Ke2 Qxg6 $19) 59. g5 fxg5 60. Rxg5 c5 61. Rxe5
$11 {Dermed er vi over i et 6-brikker sluttspill, og Nalimov
sluttspilldatabase kan gi fasiten resten av partiet. Stillingen på brettet nå
er remis.} Nc3 62. Kc2 Kc4 63. Rh5 b3+ 64. Kb2 Kb4 65. Rh3 Na4+ 66. Kb1 c4 67.
Rh4 Nc5 68. Rh8 Nd3 69. Rb8+ Kc3 {Vi har holdt oss innenfor remisgrensen de
siste trekkene. Men nå har vi kommet til et kritisk punkt. Hvit har i denne
stillingen kun tre trekk (Tc8, Tg8 og Th8) som holder remis. De ti andre
trekkene taper. Jeg valgte dessverre et av de ti tapstrekkene:} 70. Rd8 $2 $19
{Dermed har svart forsert matt i 17 trekk.} Kd2 71. Rh8 c3 72. Rh2+ Kd1 73.
Rh1+ Ne1 74. Rxe1+ Kxe1 0-1

[Event "Landsturneringen 2015"]
[Site "Oppsal arena, Oslo NOR"]
[Date "2015.07.04"]
[Round "1"]
[White "Lea, Per"]
[Black "Abrahamsson, Roaul"]
[Result "0-1"]
[WhiteElo "1592"]
[BlackElo "1917"]
[Annotator "Lea, Per"]
[PlyCount "74"]
[EventDate "2015.07.04"]

{Jeg kunne tenkt meg en bedre start i min 10. Landsturnering 
(1973-1974-1975-1980-1984-1988-2000-2003-2014-2015). Ratingforskjellen var
betydelig, og dessverre viste det seg ogsa på brettet. Ingen god start - og
verre skulle det bli.} 1. e4 e6 2. d4 d5 3. Nc3 Bb4 4. e5 c5 5. a3 Ba5 6. Qg4
Ne7 7. Bd2 $2 ({Jeg var dessverre for feig til} 7. Qxg7 Rg8 8. Qxh7 cxd4 9. b4
dxc3 10. bxa5 Qxa5 $14) 7... cxd4 8. Nb5 ({Bedre, men ikke tilstrekkelig, er} 
8. Qxd4 Nbc6 9. Qg4 O-O (9... Nxe5 10. Qxg7 N5g6 11. Bd3 $14)) 8... Bxd2+ 9.
Kxd2 O-O 10. Rd1 Nbc6 11. f4 Nf5 12. Bd3 a6 13. Nd6 Nxd6 14. exd6 e5 15. Bxh7+
{Et mislykket forsøk på å få motspill, men svart har ingen problemer med å
avvise alle mine angrepsforsøk} Kxh7 16. Qh5+ Kg8 17. fxe5 g6 18. Qh6 Nxe5 19.
h4 Qf6 20. Kc1 Ng4 21. Qd2 Bf5 22. Qxd4 Rac8 23. c3 Qxd4 24. Rxd4 Be4 25. h5
Kg7 26. Rh4 Ne5 27. h6+ Kh7 28. Nh3 f6 29. Nf2 f5 30. Nxe4 dxe4 31. Rd5 Nd7 32.
Kd2 Rf6 33. g4 Rc6 34. gxf5 gxf5 35. Ke3 Rcxd6 36. Rxd6 Rxd6 37. Kf4 Rxh6 {
Etter et tårnbytte vinner svart med bind for øynene og en hånd på ryggen} 0-1